000 01299nam a22002177a 4500
005 20251208165024.0
010 _aHIN-130567 B-772677-687 25BACHN25
020 _c500.00
_a9789393614421
035 _aB-772677-687
035 _aHN-102913
037 _bप्रखर पब्लिशर्स
037 _bDBAD
082 _21
_a920
100 _aपाण्डेय, कमलेश
_985933
245 _aभारत का वीर योध्दा महाराणा प्रताप/
_cकमलेश पाण्डेय
260 _aदिल्ली
_bप्रखर पब्लिशर्स
_c2024
270 _a2005,गली राजा उग्रसेन,सीताराम बाजार,
_bदिल्ली
_e110006
300 _a160पृ.
_c22सेमी.(अजिल्द)
942 _2ddc
_cHN
_h920
_mपाण्डेय
999 _c209932
_d209932